Cases in strategic management (Record no. 106643)

MARC details
000 -LEADER
fixed length control field 00412nam a2200169Ia 4500
008 - FIXED-LENGTH DATA ELEMENTS--GENERAL INFORMATION
fixed length control field 230917s9999||||xx |||||||||||||| ||und||
020 ## - ISBN
Price RS795
040 ## - CATALOGING SOURCE
-- 34258
Original cataloging agency VIVEKANANDA LIBRARY
041 ## - Language
-- English
082 ## - DDC NUMBER
Classification number 658.4 H55C
100 ## - MAIN ENTRY--PERSONAL NAME
Personal name Hill, Charles W L
245 #0 - TITLE STATEMENT
Title Cases in strategic management
250 ## - EDITION STATEMENT
Edition statement 4th ed.
260 ## - PUBLICATION, DISTRIBUTION, ETC. (IMPRINT)
Place of publication, distribution, etc Chennai
Name of publisher, distributor, etc All India Publisher
Date of publication, distribution, etc 2000
300 ## - PHYSICAL DESCRIPTION
Pages xv, 516 p.
942 ## - ADDED ENTRY ELEMENTS (KOHA)
Koha item type Books
Holdings
Withdrawn status Lost status Damaged status Not for loan Location (home branch) Sublocation or collection (holding branch) Date acquired Koha issues (times borrowed) Koha full call number Accession No. Koha date last seen Koha item type
        VIVEKANANDA LIBRARY VIVEKANANDA LIBRARY 28/08/2002   658.4 H55C 192382 17/09/2023 Books
© Designed and Maintained by Vivekananda Library, MDU Rohtak